| 000 | 00437nam a2200157 4500 | ||
|---|---|---|---|
| 001 | 124122 | ||
| 003 | ES-MaACL | ||
| 005 | 20230906192327.0 | ||
| 007 | t| | ||
| 008 | 070214s1968 sp r ||||1| spa d | ||
| 100 | 1 |
_aRaposo, Nemesio. _995465 |
|
| 245 | 1 | 0 |
_aMemorias de un espaƱol en el exilio / _cNemesio Raposo. |
| 260 |
_aBarcelona : _bAura, _c1968. |
||
| 300 |
_a298 p. : _bil. ; _c21 cm. |
||
| 852 |
_aES-MaACL _jC-35025 _bR.68265 |
||
| 999 |
_c124122 _d124122 |
||